000 00617cam a22002053a 4500
001 45263
003 PGUSA
005 20140828084033.0
008 140331s2014||||xxu|||||s|||||000 | eng d
040 _aPGUSA
_beng
042 _adc
100 1 _aDostoyevsky, Fyodor,
_d1821-1881
245 1 0 _aRikos ja rangaistus :
_bKuusiosainen romaani ynnä epilogi
_h[electronic resource] /
_cFyodor Dostoyevsky
260 _bProject Gutenberg,
_c2014
506 _aPublic domain in the USA.
516 _aElectronic text
830 0 _aProject Gutenberg
_v45263
856 4 0 _uhttp://www.gutenberg.org/ebooks/45263
942 _cEB
999 _c274514
_d274514